000 00461nam a2200193Ia 4500
005 20240823023620.0
008 240823s9999||||xx |||||||||||||| ||und||
020 _a978-1-84569-157-8
041 _aENGLISH
082 _A620.11 P9
100 _a"Martin,John"
245 0 _aMaterials for Engineering
250 _aIIIrd
260 _c2009
_b"Woodhead Publishing,En"
500 _aYES
650 _aMaterials
_bMechanical
942 _cBK
999 _c181968
_d181968